AH International Schools' Libraries

The Gloriumptious Worlds of Roald Dahl / (Record no. 47859)

MARC details
000 -LEADER
fixed length control field 00369nam a2200121 4500
020 ## - INTERNATIONAL STANDARD BOOK NUMBER
International Standard Book Number 9781783122158
100 ## - MAIN ENTRY--PERSONAL NAME
Personal name Caldwell, Stella
9 (RLIN) 85672
245 ## - TITLE STATEMENT
Title The Gloriumptious Worlds of Roald Dahl /
Statement of responsibility, etc Stella Caldwell & Quentin Blake
260 ## - PUBLICATION, DISTRIBUTION, ETC. (IMPRINT)
Place of publication, distribution, etc London
Name of publisher, distributor, etc Carlton Books
Date of publication, distribution, etc 2016
300 ## - PHYSICAL DESCRIPTION
Extent 59 p.
Other physical details col. ill.
Dimensions 28 cm.
650 ## - SUBJECT ADDED ENTRY--TOPICAL TERM
Topical term or geographic name as entry element Juvenile Literature
9 (RLIN) 46408
942 ## - ADDED ENTRY ELEMENTS (KOHA)
Source of classification or shelving scheme
Koha item type Book
Holdings
Withdrawn status Lost status Source of classification or shelving scheme Damaged status Not for loan Collection code Home library Current library Shelving location Date acquired Total Checkouts Full call number Barcode Date last seen Date checked out Price effective from Koha item type
          Non-Fiction Asian Hope Primary Library Asian Hope Primary Library Non Fiction 11/18/2024 3 823.914 CAL 207000 02/25/2026 02/11/2026 11/18/2024 Book

For any Logos Library related questions please contact Miss Art at swongnarasuk@asianhope.org.

For any Asian Hope Library related questions please contact Miss Raza at graza@asianhope.org.

Powered by Koha